Historia de la literatura latina /

Guardado en:
Autor Principal: Millares, Carlo Agustin
Formato: Libro
Publicado: M'xico-buenos Aires : Fondo de Cultura Econ¢mica, 1953
Edición:2a. ed.
Etiquetas: Agregar Etiqueta
Sin Etiquetas, Sea el primero en etiquetar este registro!
LEADER 00464nam a22001575a 4500
001 CEM.cems004417
005 20060216000000.0
008 130507s1953##################000#0#####d
003 CEMS
082 0 4 |a 870.9 
100 1 |a Millares, Carlo Agustin 
245 1 0 |a Historia de la literatura latina / 
250 |a 2a. ed. 
260 |a M'xico-buenos Aires :  |b Fondo de Cultura Econ¢mica,  |c 1953 
300 |a 252 p.1 
859 |a CEMS  |b BIB. CEMS - 11 de abril  |h 870.9  |i M611a2  |p 12118.83  |t Ej.1